000 00727nam a2200289Ia 4500
005 20260324113443.0
008 008 260324s9999 xx 000 0 eng d
020 _a9781003148692
037 _aEBOOK
040 _aCRL
040 _beng
040 _cCRL
041 _2eng
041 _aeng
084 _qCRL
100 _aPeter Finke
_91146838
245 0 _aQazaq Pastoralists in Western Mongolia
245 0 _bInstitutional Change, Economic Diversification and Social Stratification
260 _bTaylor and Francis
260 _c2023
365 _a
365 _b220
856 _uhttp://www.taylorfrancis.com/books/9781003148692
942 _cEBOOK
999 _c1736494
_d1736494